Antennas (Record no. 194670)

000 -LEADER
fixed length control field 00891 a2200169 4500
003 - CONTROL NUMBER IDENTIFIER
control field Nust
005 - DATE AND TIME OF LATEST TRANSACTION
control field 20170207154200.0
040 ## - CATALOGING SOURCE
Transcribing agency Nust
082 ## - DEWEY DECIMAL CLASSIFICATION NUMBER
Classification number 621.380
100 ## - MAIN ENTRY--PERSONAL NAME
Personal name Kraus John D.
245 ## - TITLE STATEMENT
Title Antennas
Statement of responsibility, etc. John D. Kraus
250 ## - EDITION STATEMENT
Edition statement 1st.
260 ## - PUBLICATION, DISTRIBUTION, ETC.
Place of publication, distribution, etc. New York
Name of publisher, distributor, etc. McGraw Hill
Date of publication, distribution, etc. 1950
300 ## - PHYSICAL DESCRIPTION
Extent 553 p.
505 ## - FORMATTED CONTENTS NOTE
Formatted contents note Introduction (Page-1) Point Sources (Page-11) The Antenna as an Aperture (Page-41) Arrays of Point Sources (Page-57) The Electric Dipole and Thin Linear Antennas (Page-127) The Loop Antenna (Page-155) The Helical Antenna (Page-173) The Biconical Antenna Its Current Distribution and Impedance (Page-230) Self and Mutual Impedances (Page-251) Arrays of Linear Antennas (Page-279) Reflector Type Antennas (Page-324) Slot Horn and Complementary Antennas (Page-353) Lens Long Wire and Other Types of Antennas (Page-382) Antenna Measurements (Page-444)
650 ## - SUBJECT ADDED ENTRY--TOPICAL TERM
Topical term or geographic name entry element Antennas
942 ## - ADDED ENTRY ELEMENTS (KOHA)
Source of classification or shelving scheme
Koha item type Book
Holdings
Withdrawn status Lost status Source of classification or shelving scheme Damaged status Not for loan Collection code Permanent Location Current Location Date acquired Total Checkouts Full call number Barcode Date last seen Price effective from Koha item type
            Military College of Signals (MCS) Military College of Signals (MCS) 12/12/2016   621.380 KRA MCS23043 12/08/2016 12/12/2016 Book
© 2023 Central Library, National University of Sciences and Technology. All Rights Reserved.